Použitie prípravku "Silvisar 510" v boji proti lykožrútovi smrekovému (Ips typographus L.)

Bibliographic Details
Main Author: Jamnický, Július, 1924- (Author)
Format: Article
Language:Slovak
PhysicalDescription:Obr. 1.
Subjects:

MARC

LEADER 00000nab a2200000 a 4500
001 vtls000024890
003 SK-MaSNL
005 20260304172446.0
008 250526c1979 xo 0 slo
015 |a SNBRB19rr/mm-uuuuu 
035 |a CL0034984 
035 |a urn:nbn:sk:snk-ab2bza 
035 |a (urnnbn)urn:nbn:sk:snk:ar-a023tl 
035 |a (uuid)7159f39d-c6ba-417b-8e7d-9b6a2fc1607f 
040 |a SNKBUCL  |b slo  |c SNKBUCL  |e AACR2 
041 0 |a slo 
044 |a xo  |c SK 
080 |a 632.9  |2 1981 
080 |a 634.0.4  |2 1981 
100 1 |a Jamnický, Július,  |d 1924-  |4 aut  |9 104900 
245 1 0 |a Použitie prípravku "Silvisar 510" v boji proti lykožrútovi smrekovému (Ips typographus L.)  |c Július Jamnický 
300 |b Obr. 1. 
650 0 7 |a škodcovia lesní  |2 snkbucl  |9 904853 
650 0 7 |a lykožrút smrekový  |2 snkbucl  |9 20877 
650 0 7 |a smrek  |2 snkbucl  |9 56948 
655 7 |a články z novín a časopisov  |2 snkbucl  |9 267496 
773 0 |t Les  |g Roč. 35, č. 3 (1979), s. 117-120 
850 |a Slovenská národná knižnica 
852 |a Slovenská národná knižnica 
954 |a odborná, vedecká literatúra pôvodná (slovenská)  |2 lita 
958 |a ONDV 
958 |a article2022 
958 |a RK 
992 |a RBX 
999 |c 2998608  |d 3000538